The Cambridge dictionary of philosophy / (Record no. 19465)

MARC details
000 -LEADER
fixed length control field 01323cam a2200337 a 4500
001 - CONTROL NUMBER
control field 4047460
003 - CONTROL NUMBER IDENTIFIER
control field BDDh-ASL
005 - DATE AND TIME OF LATEST TRANSACTION
control field 20231015025801.0
008 - FIXED-LENGTH DATA ELEMENTS--GENERAL INFORMATION
fixed length control field 990210s1999 enk d 001 0 eng
010 ## - LIBRARY OF CONGRESS CONTROL NUMBER
LC control number 99012920
020 ## - INTERNATIONAL STANDARD BOOK NUMBER
International Standard Book Number 052163136X (hb)
040 ## - CATALOGING SOURCE
Original cataloging agency DLC
Transcribing agency DLC
Modifying agency BDDh-ASL
050 00 - LIBRARY OF CONGRESS CALL NUMBER
Classification number B41
Item number .C35 1999
082 00 - DEWEY DECIMAL CLASSIFICATION NUMBER
Classification number 103
Edition number 21
Item number CAM
245 04 - TITLE STATEMENT
Title The Cambridge dictionary of philosophy /
Statement of responsibility, etc. edited by Robert Audi.
246 30 - VARYING FORM OF TITLE
Title proper/short title Dictionary of philosophy
250 ## - EDITION STATEMENT
Edition statement 2nd ed.
260 ## - PUBLICATION, DISTRIBUTION, ETC.
Place of publication, distribution, etc. Cambridge ;
-- New York :
Name of publisher, distributor, etc. Cambridge University Press,
Date of publication, distribution, etc. 1999.
300 ## - PHYSICAL DESCRIPTION
Extent xxxv, 1001 p. :
Other physical details ill. ;
Dimensions 27 cm.
500 ## - GENERAL NOTE
General note Includes index.
650 #0 - SUBJECT ADDED ENTRY--TOPICAL TERM
Topical term or geographic name entry element Philosophy
General subdivision Dictionaries.
700 1# - ADDED ENTRY--PERSONAL NAME
Personal name Audi, Robert,
Dates associated with a name 1941-
856 42 - ELECTRONIC LOCATION AND ACCESS
Materials specified Publisher description
Uniform Resource Identifier <a href="http://www.loc.gov/catdir/description/cam029/99012920.html">http://www.loc.gov/catdir/description/cam029/99012920.html</a>
856 41 - ELECTRONIC LOCATION AND ACCESS
Materials specified Table of contents
Uniform Resource Identifier <a href="http://www.loc.gov/catdir/toc/cam025/99012920.html">http://www.loc.gov/catdir/toc/cam025/99012920.html</a>
856 42 - ELECTRONIC LOCATION AND ACCESS
Uniform Resource Identifier <a href="http://www.xreferplus.com/letter_picker.jsp?vol=99">http://www.xreferplus.com/letter_picker.jsp?vol=99</a>
906 ## - LOCAL DATA ELEMENT F, LDF (RLIN)
a 7
b cbc
c orignew
d 2
e ocip
f 20
g y-gencatlg
942 ## - ADDED ENTRY ELEMENTS (KOHA)
Source of classification or shelving scheme Dewey Decimal Classification
Koha item type Books
Holdings
Withdrawn status Lost status Source of classification or shelving scheme Damaged status Not for loan Collection code Home library Current library Shelving location Date acquired Source of acquisition Total Checkouts Full call number Barcode Date last seen Copy number Price effective from Koha item type
    Dewey Decimal Classification     Non-fiction Asiatic Society Library Asiatic Society Library Sirajul Islam Collection 12/03/2020 Donated by Professor Sirajul Islam, FRHS   103 CAM 102798 12/03/2020 C-1 12/03/2020 Books

Powered by Koha